| 000 | 00859cam a2200217 a 4500 | ||
|---|---|---|---|
| 001 | 000025546 | ||
| 005 | 20200930023852.0 | ||
| 008 | 901219s1973 ag a 000 | spa d | ||
| 020 | _a9501800059 | ||
| 040 |
_aDO-SdBNP _bspa _cBNPHU |
||
| 041 |
_aspa _hgem _2Código de idioma MARC |
||
| 082 |
_axxx _bR347i |
||
| 100 | 1 |
_aReich, Wilhelm, _928231 |
|
| 240 | 0 |
_aDer einbrusch der sexualmoral, zur geschichte der sexuallen okonomie. _lEspañol |
|
| 245 | 1 | 3 |
_aLa irrupción de la moral sexual : _bestudio de los orígenes del carácter compulsivo de la moral sexual / _cWilhelm Reich ; traducción Delia García. |
| 260 |
_aBuenos Aires : _bHomo Sapiens, _c1973. |
||
| 300 |
_a179 p. ; _c23 cm. |
||
| 534 |
_aTítulo original : _tDer einbrusch der sexualmoral, zur geschichte der sexuallen okonomie. |
||
| 700 | 1 |
_aGarcía, Delia , _etr. _952213 |
|
| 049 | _aBNGR | ||
| 999 |
_c25038 _d25038 |
||